000 00786nas a2200265 4500
001 BR7803000
003 BR-BrBNA
005 20231205083430.0
007 ta
008 230509b bl.|||p| |||| 00| 00por d
040 _aBR-BrBNA
_bpor
_cBiblioteca Nacional de Agricultura
041 _a(Pt)
072 _aF23
100 1 _aPerecin, D.
100 1 _aCampos, D.A.F.
245 1 _aAmostragem mais economica para determinacao microestereometrica de argila iluviada [solo, perfil do solo]
650 _aCLASSIFICACAO DO SOLO
650 _aSOLO
650 _aARGILA
650 _aPERFIL DO SOLO
650 _aHORIZONTE
773 0 _tCientifica (Brazil)
_xISSN 0100-0039
_g(1977), v. 5(2) p. 113-121
_wBR7803000
909 _a202311
_bLúcia
_c55
_dLúcia Elande
942 _2AGRIS
_n0
_cANA
999 _c98705
_d98705